[Event "IECG C3.2000.0.00135"]
[Site "IECG email"]
[Date "2000.04.09"]
[Round "?"]
[White "Bottorff, Tim"]
[Black "Nett, Philipp"]
[Result "0-1"]
[WhiteElo "1250"]
[BlackElo "1088"]
[PlyCount "80"]
[EventDate "2000.04.09"]
[EventType "tourn (corr)"]
[EventRounds "6"]
[SourceTitle "Corr 2008"]
[Source "ChessBase"]
[SourceDate "2008.06.24"]
[SourceVersion "1"]
[SourceVersionDate "2008.06.24"]
[SourceQuality "1"]

1. e4 c5 2. f4 e6 3. Nf3 d5 4. Bb5+ Bd7 5. Bxd7+ Nxd7 6. d3 Ngf6 7. Qe2 Be7 8. e5 Ng4 9. 0-0 0-0 10. c4 Nb6 11. Nc3 Qd7 12. Bd2 Nh6 13. b3 Nf5 14. Qf2 Rad8 15. Rad1 Nh6 16. h3 Qc6 17. g4 f5 18. g5 Nf7 19. h4 Rd7 20. h5 dxc4 21. dxc4 Rd3 22. Qe2 Rfd8 23. Be1 Rxd1 24. Nxd1 Na8 25. Nb2 a6 26. Bf2 b5 27. cxb5 axb5 28. Rc1 Nc7 29. Ne1 Qd5 30. Ned3 Na6 31. Rc3 Rd7 32. a4 b4 33. Rc1 Qxb3 34. Bxc5 Nxc5 35. Rxc5 Bxc5+ 36. Nxc5 Qg3+ 37. Kh1 Nxg5 38. Qg2 Qh4+ 39. Qh2 Nh3 40. Nbd3 Rd5 0-1

[Event "IECG C3.2000.0.00135"]
[Site "IECG email"]
[Date "2000.04.09"]
[Round "?"]
[White "Sinclair, David"]
[Black "Bottorff, Tim"]
[Result "1/2-1/2"]
[WhiteElo "1316"]
[BlackElo "1250"]
[PlyCount "54"]
[EventDate "2000.04.09"]
[EventType "tourn (corr)"]
[EventRounds "6"]
[SourceTitle "Corr 2008"]
[Source "ChessBase"]
[SourceDate "2008.06.24"]
[SourceVersion "1"]
[SourceVersionDate "2008.06.24"]
[SourceQuality "1"]

1. f4 e5 2. fxe5 d6 3. exd6 Bxd6 4. Nf3 g5 5. g3 g4 6. Nh4 Ne7 7. d4 Ng6 8. Nxg6 hxg6 9. Qd3 Nc6 10. c3 Bf5 11. e4 Qe7 12. Bg2 0-0-0 13. 0-0 Ne5 14. Qe3 Nf3+ 15. Bxf3 gxf3 16. exf5 Rxh2 17. Rxf3 Qxe3+ 18. Bxe3 Rdh8 19. Kf1 Rxb2 20. fxg6 fxg6 21. c4 Rc2 22. c5 Rh1+ 23. Bg1 Rc1+ 24. Kf2 Rhxg1 25. cxd6 Rxb1 26. Rxb1 Rxb1 27. dxc7 Kxc7 1/2-1/2